Código Civil de la República Argentina (Registro nro. 399)

Detalles MARC
000 -LEADER
fixed length control field 00810 a2200217 4500
001 - CONTROL NUMBER
control field 4206
005 - DATE AND TIME OF LATEST TRANSACTION
control field 20260407155432.0
008 - FIXED-LENGTH DATA ELEMENTS--GENERAL INFORMATION
fixed length control field 260407a2011 arg spa d
003 - CONTROL NUMBER IDENTIFIER
control field AR-UNSa-BCEJYS
040 ## - CATALOGING SOURCE
Original cataloging agency AR-UNSa-BCEJYS
Language of cataloging spa
Transcribing agency AR-UNSa-BCEJYS
080 ## - UNIVERSAL DECIMAL CLASSIFICATION NUMBER
Universal Decimal Classification number 347(094.4)
Common auxiliary subdivision Código Civil
020 ## - INTERNATIONAL STANDARD BOOK NUMBER
International Standard Book Number 978-950-534-000-2
100 1# - MAIN ENTRY--PERSONAL NAME
Personal name Argentina [Código Civil]
245 10 - TITLE STATEMENT
Title Código Civil de la República Argentina
Name of part/section of a work Leyes complementarias. Índice alfabético y temático
250 ## - EDITION STATEMENT
Edition statement 33a. ed.
264 #1 - PRODUCTION, PUBLICATION, DISTRIBUTION, MANUFACTURE, AND COPYRIGHT NOTICE
Place of production, publication, distribution, manufacture Buenos Aires :
Name of producer, publisher, distributor, manufacturer A-Z Editora
Date of production, publication, distribution, manufacture, or copyright notice 2011
300 ## - PHYSICAL DESCRIPTION
Extent xxi, 1136 p.
Dimensions 23 cm.
590 ## - LOCAL NOTE (RLIN)
Local note niveau_biblio:m niveau_hierar:0
856 41 - ELECTRONIC LOCATION AND ACCESS
Uniform Resource Identifier <a href="https://biblioeco.unsa.edu.ar/pmb/images/libros/C?digo Civil de la Rep?blica Argentina Argentina (C?digo Civil) (2011).jpg">https://biblioeco.unsa.edu.ar/pmb/images/libros/C?digo Civil de la Rep?blica Argentina Argentina (C?digo Civil) (2011).jpg</a>
Link text Imagen de portada
Electronic format type image/jpeg
942 ## - ADDED ENTRY ELEMENTS (KOHA)
Koha item type
Existencias
Withdrawn status Lost status Damaged status Not for loan Home library Current library Shelving location Date acquired Total checkouts Full call number Barcode Date last seen Price effective from Koha item type
        Biblioteca Prof. Eusebio Cleto del Rey Biblioteca Prof. Eusebio Cleto del Rey   07/04/2026   347(094.4) A691d 33ed. L118362 07/04/2026 07/04/2026 Libro